[Event "Matinhos Caioba op 9th"]
[Site "Matinhos"]
[Date "2025.07.02"]
[Round "5"]
[White "Casalaspro, Mathias Andre"]
[Black "Holt, Conrad"]
[Result "1-0"]
[WhiteElo "2319"]
[BlackElo "2540"]
[PlyCount "63"]
[EventDate "2025.06.29"]
[EventType "swiss"]
[EventRounds "9"]
[EventCountry "BRA"]
[SourceTitle "CB28_2025"]
[SourceDate "2025.07.09"]
[SourceVersion "1"]
[SourceVersionDate "2025.07.09"]
[SourceQuality "1"]

1. e4 e6 2. d4 d5 3. Nc3 Nf6 4. e5 Nfd7 5. f4 c5 6. Nf3 Nc6 7. Be3 cxd4 8. Nxd4 Bc5 9. Qd2 0-0 10. 0-0-0 a6 11. Nb3 Be7 12. Bd3 b5 13. g4 Nb6 14. Qf2 Nc4 15. Bxc4 bxc4 16. Nd4 Bd7 17. Nxc6 Bxc6 18. Bd4 f5 19. exf6 Bxf6 20. Qe3 Bd7 21. Bxf6 Qxf6 22. f5 Rab8 23. Rhf1 exf5 24. gxf5 Bxf5 25. Rxd5 g6 26. Qd4 Qg5+ 27. Qf4 Qe7 28. Rxf5 gxf5 29. Rg1+ Kf7 30. Nd5 Qe4 31. Qc7+ Ke6 32. Nf4+ 1-0

[Event "Matinhos Caioba op 9th"]
[Site "Matinhos"]
[Date "2025.06.30"]
[Round "3"]
[White "Silva, Caio Henrique Angel"]
[Black "Holt, Conrad"]
[Result "1/2-1/2"]
[WhiteElo "2261"]
[BlackElo "2540"]
[PlyCount "145"]
[EventDate "2025.06.29"]
[EventType "swiss"]
[EventRounds "9"]
[EventCountry "BRA"]
[SourceTitle "CB28_2025"]
[SourceDate "2025.07.09"]
[SourceVersion "1"]
[SourceVersionDate "2025.07.09"]
[SourceQuality "1"]

1. d4 d5 2. c4 c6 3. cxd5 cxd5 4. Nf3 Nf6 5. Nc3 Nc6 6. Bf4 Nh5 7. Bd2 e6 8. e3 Bd6 9. Ne5 g6 10. Nxc6 bxc6 11. Be2 Nf6 12. 0-0 0-0 13. Na4 e5 14. dxe5 Bxe5 15. Bc3 Bxc3 16. Nxc3 Rb8 17. Na4 Re8 18. Rc1 Qd6 19. b3 Rb4 20. Qc2 Bg4 21. Bd3 Bd7 22. Qc5 Qb8 23. Qc3 Ng4 24. g3 Nxh2 25. Kxh2 Rh4+ 26. Kg2 Bh3+ 27. Kf3 Bg4+ 28. Kg2 Bh3+ 29. Kf3 Qc8 30. Ke2 d4 31. Qc4 Qg4+ 32. Kd2 Bxf1 33. gxh4 Bxd3 34. Qxd3 Qxh4 35. Qe2 h5 36. Rc4 dxe3+ 37. fxe3 Qh1 38. Nc3 h4 39. Rf4 h3 40. Rf1 Qg2 41. Qxg2 hxg2 42. Rg1 Kg7 43. Rxg2 f5 44. Ne2 Kf6 45. Nd4 c5 46. Nf3 Rd8+ 47. Ke2 Re8 48. Kf2 Re6 49. Rg1 Ra6 50. a4 Rb6 51. Rc1 Rxb3 52. Rxc5 Rb2+ 53. Kg3 Rb3 54. Rc6+ Kg7 55. Kf2 Rb2+ 56. Kg3 Rb3 57. Kf2 Rb2+ 58. Ke1 Rb1+ 59. Ke2 Rb2+ 60. Kd3 Rb3+ 61. Rc3 Rb7 62. Nd4 Kh6 63. Rc6 Kh5 64. a5 Rd7 65. a6 g5 66. Rf6 Kg4 67. Rh6 Rf7 68. Rh1 Rf6 69. Rg1+ Kh5 70. Rh1+ Kg4 71. Rg1+ Kh5 72. Rf1 Kg4 73. Rg1+ 1/2-1/2

[Event "Titled Tuesday intern op 26th Nov Late"]
[Site "Chess.com INT"]
[Date "2024.11.26"]
[Round "7"]
[White "Holt, Conrad"]
[Black "Hungaski, Robert Andrew"]
[Result "1-0"]
[WhiteElo "2540"]
[BlackElo "2477"]
[PlyCount "141"]
[EventDate "2024.11.26"]
[EventType "swiss (blitz)"]
[EventRounds "11"]
[EventCountry "USA"]
[SourceTitle "CB49_2024"]
[SourceDate "2024.12.04"]
[SourceVersion "1"]
[SourceVersionDate "2024.12.04"]
[SourceQuality "1"]

1. d4 e6 2. c4 Bb4+ 3. Bd2 Bxd2+ 4. Qxd2 f5 5. g3 Nf6 6. Bg2 0-0 7. Nf3 d5 8. 0-0 c6 9. Rc1 Nbd7 10. b4 Ne4 11. Qb2 Nd6 12. Nbd2 f4 13. c5 Ne4 14. Qc2 Nxd2 15. Qxd2 Qf6 16. gxf4 Qxf4 17. Qxf4 Rxf4 18. e3 Rf8 19. a4 Re8 20. Bh3 Nf6 21. b5 Bd7 22. Ne5 Rad8 23. Rab1 Re7 24. f3 Be8 25. Kf2 Nd7 26. Nxd7 Bxd7 27. f4 Be8 28. Rg1 Kf8 29. Ke2 Bg6 30. Rb2 Be8 31. Kd2 h6 32. Kc3 Bd7 33. Bf1 Be8 34. Bd3 Rc8 35. b6 a5 36. Rbg2 Rd8 37. Rg3 Bh5 38. Kd2 Rde8 39. Bh7 Rd8 40. Rh3 Bf7 41. Rhg3 Bh5 42. Ke1 Rde8 43. Bc2 Rd8 44. Kf2 Rde8 45. Kg2 Rd8 46. Kh3 Rde8 47. Kh4 Bf7 48. Bh7 Rd8 49. Rxg7 Rdd7 50. Bd3 Re8 51. Rh7 h5 52. Bg6 Ree7 53. Bxf7 Rxf7 54. Rh8+ Ke7 55. Rxh5 Rd8 56. Rgg5 Rdf8 57. Kg4 Rf6 58. h4 R6f7 59. Rg6 Kd7 60. Rhg5 Re7 61. h5 Rff7 62. h6 Rh7 63. Kh5 Rh8 64. Rg7 Ke8 65. R5g6 Kf8 66. Kg5 Rf7 67. Rxf7+ Kxf7 68. Rg7+ Ke8 69. Rxb7 Rg8+ 70. Kf6 Rf8+ 71. Kxe6 1-0

[Event "Titled Tuesday intern op 26th Nov Late"]
[Site "Chess.com INT"]
[Date "2024.11.26"]
[Round "6"]
[White "Holt, Conrad"]
[Black "Shankland, Samuel L"]
[Result "0-1"]
[WhiteElo "2540"]
[BlackElo "2672"]
[PlyCount "64"]
[EventDate "2024.11.26"]
[EventType "swiss (blitz)"]
[EventRounds "11"]
[EventCountry "USA"]
[SourceTitle "CB49_2024"]
[SourceDate "2024.12.04"]
[SourceVersion "1"]
[SourceVersionDate "2024.12.04"]
[SourceQuality "1"]

1. d4 d5 2. c4 c6 3. Nc3 Nf6 4. e3 e6 5. Bd3 Nbd7 6. e4 dxe4 7. Nxe4 Nxe4 8. Bxe4 Nf6 9. Bc2 Bb4+ 10. Bd2 Bxd2+ 11. Qxd2 0-0 12. Nf3 Qc7 13. 0-0-0 c5 14. g4 cxd4 15. g5 Nd7 16. Qxd4 b6 17. Qe4 g6 18. Qxa8 Bb7 19. Qxa7 Ra8 20. Rxd7 Qf4+ 21. Nd2 Rxa7 22. Rd1 Qxg5 23. Kb1 Qa5 24. a3 Bc6 25. Nb3 Qa6 26. R7d6 Qxc4 27. R1d4 Qf1+ 28. Rd1 Qg2 29. Nd4 Be4 30. Rxb6 Bxc2+ 31. Nxc2 Qxf2 32. h3 Qxb6 0-1

[Event "Titled Tuesday intern op 24th Sep Late"]
[Site "Chess.com INT"]
[Date "2024.09.24"]
[Round "3"]
[White "Balaji, Aaravamudhan"]
[Black "Holt, Conrad"]
[Result "1/2-1/2"]
[WhiteElo "2396"]
[BlackElo "2540"]
[PlyCount "107"]
[EventDate "2024.09.24"]
[EventType "swiss (blitz)"]
[EventRounds "11"]
[EventCountry "USA"]
[SourceTitle "EXT 2025"]
[Source "ChessBase"]
[SourceDate "2024.10.14"]
[SourceVersion "1"]
[SourceVersionDate "2024.10.14"]
[SourceQuality "1"]

1. b4 d5 2. Bb2 Bg4 3. Nf3 Bxf3 4. exf3 e6 5. g3 Nf6 6. a3 g6 7. f4 Bg7 8. d3 0-0 9. Nd2 c5 10. bxc5 Qa5 11. Bg2 Qxc5 12. 0-0 Nc6 13. Rb1 Rfc8 14. c4 Rab8 15. Qb3 Nd4 16. Bxd4 Qxd4 17. Nf3 dxc4 18. Nxd4 cxb3 19. Rxb3 Nd7 20. Nb5 Nc5 21. Rbb1 Nxd3 22. Rfd1 Nb2 23. Rd7 a6 24. Nd6 Rd8 25. Rxd8+ Rxd8 26. Nxb7 Rd2 27. Nc5 Bd4 28. Nb3 Bxf2+ 29. Kf1 Nc4 30. Nxd2 Nxd2+ 31. Kxf2 Nxb1 32. a4 Kf8 33. Ke3 Ke7 34. Kd4 Kd6 35. Bb7 a5 36. Kc4 Kc7 37. Bg2 Kb6 38. Kd4 f6 39. Bh3 e5+ 40. fxe5 fxe5+ 41. Kxe5 Nc3 42. Bd7 Kc5 43. Kf6 Kb4 44. Kg7 Nxa4 45. Kxh7 g5 46. Bxa4 Kxa4 47. h4 gxh4 48. gxh4 Kb3 49. h5 a4 50. h6 a3 51. Kg8 a2 52. h7 a1Q 53. h8Q Qxh8+ 54. Kxh8 1/2-1/2

[Event "Titled Tuesday intern op 24th Sep Late"]
[Site "Chess.com INT"]
[Date "2024.09.24"]
[Round "2"]
[White "Kurchenko, Egor"]
[Black "Holt, Conrad"]
[Result "0-1"]
[WhiteElo "2255"]
[BlackElo "2540"]
[PlyCount "104"]
[EventDate "2024.09.24"]
[EventType "swiss (blitz)"]
[EventRounds "11"]
[EventCountry "USA"]
[SourceTitle "EXT 2025"]
[Source "ChessBase"]
[SourceDate "2024.10.14"]
[SourceVersion "1"]
[SourceVersionDate "2024.10.14"]
[SourceQuality "1"]

1. e4 e6 2. d4 d5 3. e5 c5 4. c3 Bd7 5. Nf3 Nc6 6. Be2 Qb6 7. 0-0 Nge7 8. Na3 Nf5 9. Nc2 a5 10. Bd3 cxd4 11. Bxf5 exf5 12. Nfxd4 Be7 13. e6 fxe6 14. Re1 Nxd4 15. Nxd4 0-0 16. Qe2 Rae8 17. Bf4 Bc5 18. Be5 f4 19. Qg4 Rf7 20. Rab1 f3 21. gxf3 Bb5 22. Re3 a4 23. f4 Bf8 24. h4 Qa6 25. Rd1 Bd7 26. h5 Qc4 27. b3 axb3 28. axb3 Qa6 29. Rg3 Rc8 30. h6 g6 31. Qh5 Be8 32. Kg2 Rxc3 33. Nf3 Rf5 34. Rg5 Qe2 35. Bxc3 Qxd1 36. Qg4 Qd3 37. Be5 Qe4 38. Rxf5 Qxf5 39. Qh4 d4 40. Nxd4 Bc6+ 41. Nxc6 bxc6 42. Qd8 Kf7 43. Qd7+ Be7 44. Bd6 Qd5+ 45. f3 Qxd6 46. Qc8 Qd2+ 47. Kg3 Qe1+ 48. Kg4 Qg1+ 49. Kh3 Qh1+ 50. Kg3 Qxh6 51. Qxc6 Qh4+ 52. Kg2 Qxf4 0-1

[Event "Titled Tuesday intern op 10th Sep Late"]
[Site "Chess,com INT"]
[Date "2024.09.10"]
[Round "7"]
[White "Gutierrez Olivares, Daniel"]
[Black "Holt, Conrad"]
[Result "0-1"]
[WhiteElo "2354"]
[BlackElo "2540"]
[PlyCount "68"]
[EventDate "2024.09.10"]
[EventType "swiss (blitz)"]
[EventRounds "11"]
[EventCountry "USA"]
[SourceTitle "EXT 2025"]
[Source "ChessBase"]
[SourceDate "2024.10.14"]
[SourceVersion "1"]
[SourceVersionDate "2024.10.14"]
[SourceQuality "1"]

1. c4 c6 2. g3 d5 3. Nf3 dxc4 4. a4 g6 5. Na3 Bg7 6. Nxc4 Be6 7. Ne3 Qb6 8. a5 Qb5 9. d4 Na6 10. Bg2 Bb3 11. Qd2 Nf6 12. Ne5 0-0 13. Ra3 Rfd8 14. 0-0 Rac8 15. Bh3 e6 16. Qc3 Bd5 17. Nxd5 cxd5 18. Qf3 Rxc1 19. Rxc1 Qxb2 20. Rac3 Rf8 21. Rc8 Qxd4 22. Rxf8+ Kxf8 23. Rc8+ Ke7 24. Qa3+ Nb4 25. Nd3 Kd7 26. Rb8 Kc7 27. Ra8 Nc6 28. Nc5 Ne4 29. Nxe4 dxe4 30. Kg2 h5 31. Rg8 Be5 32. Rf8 Qd7 33. Qe3 Bd6 34. Rg8 Ne7 0-1

[Event "Titled Tuesday intern op 10th Sep Late"]
[Site "Chess,com INT"]
[Date "2024.09.10"]
[Round "8"]
[White "Holt, Conrad"]
[Black "Bilan, Danila"]
[Result "1-0"]
[WhiteElo "2540"]
[BlackElo "2303"]
[PlyCount "49"]
[EventDate "2024.09.10"]
[EventType "swiss (blitz)"]
[EventRounds "11"]
[EventCountry "USA"]
[SourceTitle "EXT 2025"]
[Source "ChessBase"]
[SourceDate "2024.10.14"]
[SourceVersion "1"]
[SourceVersionDate "2024.10.14"]
[SourceQuality "1"]

1. d4 d5 2. c4 c6 3. Nc3 Nf6 4. e3 e6 5. Bd3 Nbd7 6. e4 dxe4 7. Nxe4 Nxe4 8. Bxe4 Nf6 9. Bc2 Bb4+ 10. Bd2 Bxd2+ 11. Qxd2 Qc7 12. Nf3 c5 13. 0-0-0 Bd7 14. d5 0-0-0 15. d6 Qb6 16. Rhe1 h6 17. Re3 Bc6 18. Ne5 Rhf8 19. Rb3 Qa6 20. Qe3 Nd7 21. Nxd7 Rxd7 22. Qxc5 Rfd8 23. Ra3 Qb6 24. Qxb6 axb6 25. Ra8# 1-0

[Event "Titled Tuesday intern op 10th Sep Late"]
[Site "Chess,com INT"]
[Date "2024.09.10"]
[Round "11"]
[White "Holt, Conrad"]
[Black "Sitbon, Itay"]
[Result "1-0"]
[WhiteElo "2540"]
[BlackElo "2187"]
[PlyCount "49"]
[EventDate "2024.09.10"]
[EventType "swiss (blitz)"]
[EventRounds "11"]
[EventCountry "USA"]
[SourceTitle "EXT 2025"]
[Source "ChessBase"]
[SourceDate "2024.10.14"]
[SourceVersion "1"]
[SourceVersionDate "2024.10.14"]
[SourceQuality "1"]

1. d4 Nf6 2. c4 e6 3. Nc3 Bb4 4. Qc2 0-0 5. e4 d5 6. e5 Ne4 7. Bd3 c5 8. Nf3 Nc6 9. 0-0 cxd4 10. Nxe4 dxe4 11. Bxe4 h6 12. a3 Be7 13. Rd1 Qc7 14. Bxc6 bxc6 15. Rxd4 Rd8 16. Rg4 Kh8 17. c5 Bxc5 18. Bxh6 gxh6 19. Qxc5 Ba6 20. Qe3 Kh7 21. Qe4+ Kh8 22. Qf4 Kh7 23. Ng5+ hxg5 24. Qxg5 f5 25. Rh4# 1-0

[Event "Titled Tuesday intern op 10th Sep Late"]
[Site "Chess,com INT"]
[Date "2024.09.10"]
[Round "4"]
[White "Holt, Conrad"]
[Black "Xiong, Jeffery"]
[Result "0-1"]
[WhiteElo "2540"]
[BlackElo "2646"]
[PlyCount "64"]
[EventDate "2024.09.10"]
[EventType "swiss (blitz)"]
[EventRounds "11"]
[EventCountry "USA"]
[SourceTitle "EXT 2025"]
[Source "ChessBase"]
[SourceDate "2024.10.14"]
[SourceVersion "1"]
[SourceVersionDate "2024.10.14"]
[SourceQuality "1"]

1. d4 e6 2. Nf3 c5 3. c4 cxd4 4. Nxd4 Nf6 5. g3 d5 6. Bg2 e5 7. Nf3 d4 8. 0-0 Nc6 9. b4 e4 10. Ng5 Bxb4 11. Nxe4 Nxe4 12. Bxe4 Bh3 13. a3 Ba5 14. Qb3 Qe7 15. Bg2 Bxg2 16. Kxg2 0-0 17. Ra2 Rac8 18. Rd1 Bb6 19. Bd2 Rfe8 20. Bb4 Qe4+ 21. Kg1 d3 22. Qxd3 Rcd8 23. Bd6 Rxd6 24. Qxd6 Rd8 25. Nc3 Rxd6 26. Rxd6 Qxc4 27. Rc2 Bxf2+ 28. Kg2 Bc5 29. Rd7 h5 30. Rxb7 Nd4 31. Rc1 Nxe2 32. Rb8+ Kh7 0-1

[Event "Titled Tuesday intern op 10th Sep Late"]
[Site "Chess,com INT"]
[Date "2024.09.10"]
[Round "5"]
[White "Jaskolka, Tomasz"]
[Black "Holt, Conrad"]
[Result "1/2-1/2"]
[WhiteElo "2238"]
[BlackElo "2540"]
[PlyCount "125"]
[EventDate "2024.09.10"]
[EventType "swiss (blitz)"]
[EventRounds "11"]
[EventCountry "USA"]
[SourceTitle "EXT 2025"]
[Source "ChessBase"]
[SourceDate "2024.10.14"]
[SourceVersion "1"]
[SourceVersionDate "2024.10.14"]
[SourceQuality "1"]

1. e4 e6 2. Nf3 d5 3. Nc3 Nf6 4. e5 Nfd7 5. d4 c5 6. dxc5 Nc6 7. Bf4 Bxc5 8. Bd3 f6 9. exf6 Nxf6 10. Qe2 0-0 11. 0-0-0 Nh5 12. Bg5 Nf4 13. Bxd8 Nxe2+ 14. Nxe2 Rxd8 15. Rhf1 e5 16. Bb5 e4 17. Nfd4 Bg4 18. f3 exf3 19. gxf3 Bh3 20. Rfe1 Rd6 21. Bxc6 bxc6 22. Nf4 Bd7 23. c3 Rf6 24. Nfe6 Bxe6 25. Nxe6 Bf2 26. Re2 Rxf3 27. Nd4 Bxd4 28. Rxd4 Rf1+ 29. Kc2 Rb8 30. a3 Kf7 31. c4 Rf5 32. Red2 Ke6 33. Re2+ Kd6 34. cxd5 Rxd5 35. Rde4 Rb7 36. Re6+ Kc7 37. b4 Kb6 38. Kc3 Rbd7 39. Kb3 Rd3+ 40. Ka4 Rh3 41. Rc2 Rc7 42. Rc5 a6 43. Rc2 Rh4 44. Re8 Rh3 45. Rb8+ Ka7 46. Re8 Kb7 47. Rd2 g6 48. Rdd8 Kb6 49. Rb8+ Rb7 50. Rxb7+ Kxb7 51. Re7+ Kb6 52. Re2 g5 53. Rg2 h6 54. Rc2 Rh4 55. Kb3 Kc7 56. a4 Rh3+ 57. Kc4 Kb6 58. a5+ Kc7 59. Rf2 Kd6 60. Rd2+ Kc7 61. Rf2 Kd6 62. Rd2+ Kc7 63. Rf2 1/2-1/2

[Event "Titled Tuesday intern op 03rd Sep Late"]
[Site "Chess.com INT"]
[Date "2024.09.03"]
[Round "4"]
[White "Holt, Conrad"]
[Black "Sindarov, Javokhir"]
[Result "0-1"]
[WhiteElo "2540"]
[BlackElo "2677"]
[PlyCount "82"]
[EventDate "2024.09.03"]
[EventType "swiss (blitz)"]
[EventRounds "11"]
[EventCountry "USA"]
[SourceTitle "EXT 2025"]
[Source "ChessBase"]
[SourceDate "2024.10.14"]
[SourceVersion "1"]
[SourceVersionDate "2024.10.14"]
[SourceQuality "1"]

1. d4 Nf6 2. c4 g6 3. Nc3 Bg7 4. e4 d6 5. Nf3 0-0 6. h3 c5 7. d5 e6 8. Bd3 Nbd7 9. 0-0 e5 10. Bg5 h6 11. Be3 Nh7 12. Qd2 f5 13. Bxh6 f4 14. Bxg7 Kxg7 15. Nb5 Ndf6 16. b4 b6 17. bxc5 bxc5 18. Rab1 g5 19. Rb3 Rh8 20. Bc2 g4 21. Nh2 Ng5 22. Re1 Rh6 23. Nc3 gxh3 24. g3 fxg3 25. fxg3 Ng4 26. Nd1 Rb8 27. Rf1 Rxb3 28. axb3 Rg6 29. Ne3 Nxe3 30. Qxe3 Nh7 31. Ra1 a6 32. Rf1 Qh4 33. Rf3 Nf6 34. Kh1 Qg5 35. Qxg5 Rxg5 36. Nf1 Bg4 37. Rf2 Bh5 38. Nd2 Rxg3 39. Kh2 Rc3 40. Nb1 Ng4+ 41. Kg1 Rg3+ 0-1

[Event "Titled Tuesday intern op 27th Aug Late"]
[Site "Chess.com INT"]
[Date "2024.08.27"]
[Round "1"]
[White "Dmitrenko, Viktor"]
[Black "Holt, Conrad"]
[Result "0-1"]
[WhiteElo "2395"]
[BlackElo "2540"]
[PlyCount "30"]
[EventDate "2024.08.27"]
[EventType "swiss (blitz)"]
[EventRounds "11"]
[EventCountry "USA"]
[SourceTitle "EXT 2025"]
[Source "ChessBase"]
[SourceDate "2024.10.14"]
[SourceVersion "1"]
[SourceVersionDate "2024.10.14"]
[SourceQuality "1"]

1. Nf3 d5 2. d4 Nf6 3. c4 c6 4. Nc3 dxc4 5. a4 Bf5 6. e3 e6 7. Bxc4 Bb4 8. 0-0 0-0 9. Na2 Bd6 10. b4 Nbd7 11. Bb2 Qb8 12. h3 b5 13. Bb3 a5 14. bxa5 bxa4 15. Bxa4 Qxb2 0-1

[Event "Titled Tuesday intern op 27th Aug Late"]
[Site "Chess.com INT"]
[Date "2024.08.27"]
[Round "7"]
[White "Holt, Conrad"]
[Black "Kanakaris, Georgios"]
[Result "1-0"]
[WhiteElo "2540"]
[BlackElo "2404"]
[PlyCount "55"]
[EventDate "2024.08.27"]
[EventType "swiss (blitz)"]
[EventRounds "11"]
[EventCountry "USA"]
[SourceTitle "EXT 2025"]
[Source "ChessBase"]
[SourceDate "2024.10.14"]
[SourceVersion "1"]
[SourceVersionDate "2024.10.14"]
[SourceQuality "1"]

1. d4 Nf6 2. c4 g6 3. Nc3 Bg7 4. e4 d6 5. Nf3 0-0 6. h3 Nc6 7. d5 Nb4 8. a3 Na6 9. Be3 e6 10. Bd3 Re8 11. 0-0 Nd7 12. Bg5 Bf6 13. Bxf6 Qxf6 14. Nb5 Ndc5 15. b4 Nxd3 16. Qxd3 Bd7 17. Rac1 exd5 18. cxd5 Bxb5 19. Qxb5 Rab8 20. Rfe1 Qd8 21. Rc3 Re7 22. Qc4 Qd7 23. Qd4 Ra8 24. Nh2 h5 25. g4 h4 26. g5 c5 27. dxc6 bxc6 28. Ng4 1-0

[Event "Titled Tuesday intern op 20th Aug Late"]
[Site "Chess.com INT"]
[Date "2024.08.20"]
[Round "1"]
[White "Holt, Conrad"]
[Black "Yagiz, Yasin Emrah"]
[Result "1-0"]
[WhiteElo "2540"]
[BlackElo "2113"]
[PlyCount "59"]
[EventDate "2024.08.20"]
[EventType "swiss (blitz)"]
[EventRounds "11"]
[EventCountry "USA"]
[SourceTitle "EXT 2025"]
[Source "ChessBase"]
[SourceDate "2024.10.14"]
[SourceVersion "1"]
[SourceVersionDate "2024.10.14"]
[SourceQuality "1"]

1. d4 Nf6 2. c4 e6 3. Nc3 Bb4 4. Qc2 b6 5. e4 Bxc3+ 6. bxc3 d6 7. Bd3 e5 8. Ne2 Bb7 9. 0-0 Qe7 10. Ng3 Nc6 11. Nf5 Qf8 12. Bg5 h6 13. Bxf6 gxf6 14. d5 Nb8 15. c5 dxc5 16. Bb5+ c6 17. dxc6 Bxc6 18. Bxc6+ Nxc6 19. Qa4 Kd7 20. Rfd1+ Kc7 21. Rd6 Qxd6 22. Nxd6 Kxd6 23. Rd1+ Kc7 24. Qc4 Rhf8 25. g3 Rad8 26. Rxd8 Nxd8 27. Qd3 Ne6 28. Qf3 Ng5 29. Qxf6 Nxe4 30. Qe7+ 1-0

[Event "Titled Tuesday intern op 13th Aug Late"]
[Site "Chess.com INT"]
[Date "2024.08.13"]
[Round "6"]
[White "Holt, Conrad"]
[Black "Santos Latasa, Jaime"]
[Result "1-0"]
[WhiteElo "2540"]
[BlackElo "2624"]
[PlyCount "77"]
[EventDate "2024.08.13"]
[EventType "swiss (blitz)"]
[EventRounds "11"]
[EventCountry "USA"]
[SourceTitle "EXT 2025"]
[Source "ChessBase"]
[SourceDate "2024.10.14"]
[SourceVersion "1"]
[SourceVersionDate "2024.10.14"]
[SourceQuality "1"]

1. d4 Nf6 2. c4 e6 3. Nc3 d5 4. cxd5 exd5 5. Bg5 c6 6. e3 h6 7. Bh4 Be6 8. Bd3 Nbd7 9. f3 Be7 10. Nge2 Nb6 11. 0-0 0-0 12. Nf4 Bd7 13. Bg3 c5 14. Rc1 Rc8 15. Kh1 Re8 16. Bb1 Bf8 17. Re1 cxd4 18. exd4 Rxe1+ 19. Qxe1 Bc6 20. Bf5 Rc7 21. Nd3 Re7 22. Ne5 Nc4 23. Qf2 Re8 24. Rd1 Qb6 25. Nxc4 dxc4 26. d5 Bd7 27. Qxb6 axb6 28. Bxd7 Nxd7 29. d6 f5 30. Kg1 g5 31. Kf1 Re6 32. Nb5 Bg7 33. Rc1 f4 34. Bf2 Re5 35. a4 Rd5 36. Rxc4 Kf7 37. Rc7 Ke6 38. Rxb7 Bxb2 39. Nc7+ 1-0

[Event "Titled Tuesday intern op 13th Aug Late"]
[Site "Chess.com INT"]
[Date "2024.08.13"]
[Round "7"]
[White "Ibarra Jerez, Jose Carlos"]
[Black "Holt, Conrad"]
[Result "0-1"]
[WhiteElo "2559"]
[BlackElo "2540"]
[PlyCount "104"]
[EventDate "2024.08.13"]
[EventType "swiss (blitz)"]
[EventRounds "11"]
[EventCountry "USA"]
[SourceTitle "EXT 2025"]
[Source "ChessBase"]
[SourceDate "2024.10.14"]
[SourceVersion "1"]
[SourceVersionDate "2024.10.14"]
[SourceQuality "1"]

1. e4 e6 2. d4 d5 3. Nc3 Nf6 4. Bg5 dxe4 5. Nxe4 Be7 6. Bxf6 Bxf6 7. Nf3 Nd7 8. Bc4 a6 9. a4 0-0 10. 0-0 b6 11. c3 Bb7 12. Qe2 c5 13. Rad1 cxd4 14. Nxd4 Qe7 15. Rfe1 Nc5 16. Nxc5 Qxc5 17. Bb3 Rad8 18. Nf3 g6 19. Bc2 Bc6 20. h3 Kg7 21. Rxd8 Rxd8 22. Be4 Bxa4 23. Qxa6 Bb5 24. Qb7 Bc4 25. Ra1 Qb5 26. Ra7 Rf8 27. Qc7 Be2 28. b4 Qc4 29. Nd4 Bxd4 30. Qxc4 Bxc4 31. cxd4 Rd8 32. Bc6 b5 33. Rd7 Rxd7 34. Bxd7 Kf6 35. f3 e5 36. dxe5+ Kxe5 37. Kf2 Kd4 38. Kg3 Kc3 39. Kf4 f6 40. g4 Kxb4 41. g5 fxg5+ 42. Kxg5 Kc3 43. Bxb5 Bxb5 44. Kh6 Kd4 45. Kxh7 Be8 46. Kg7 Ke5 47. Kf8 Bd7 48. h4 Kf6 49. Kg8 Bc6 50. f4 Bf3 51. Kh7 Bh5 52. Kh6 Kf5 0-1

[Event "Titled Tuesday intern op 13th Aug Late"]
[Site "Chess.com INT"]
[Date "2024.08.13"]
[Round "1"]
[White "Scarsi, Anna Laura"]
[Black "Holt, Conrad"]
[Result "0-1"]
[WhiteElo "2032"]
[BlackElo "2540"]
[PlyCount "62"]
[EventDate "2024.08.13"]
[EventType "swiss (blitz)"]
[EventRounds "11"]
[EventCountry "USA"]
[SourceTitle "EXT 2025"]
[Source "ChessBase"]
[SourceDate "2024.10.14"]
[SourceVersion "1"]
[SourceVersionDate "2024.10.14"]
[SourceQuality "1"]

1. e4 e6 2. d3 d5 3. Nd2 c5 4. Ngf3 Nc6 5. g3 Bd6 6. Bg2 Nge7 7. 0-0 0-0 8. Re1 Qc7 9. Qe2 f6 10. Nf1 d4 11. N3d2 e5 12. Nc4 b5 13. Nxd6 Qxd6 14. f4 Be6 15. f5 Bf7 16. Qg4 Kh8 17. h4 c4 18. Qf3 Nb4 19. Re2 Nxa2 20. g4 c3 21. b3 Nxc1 22. Rxc1 a5 23. g5 a4 24. Qg4 axb3 25. cxb3 Bxb3 26. h5 fxg5 27. Qxg5 Qf6 28. Qg4 Bf7 29. Ng3 b4 30. h6 Qxh6 31. Rb1 b3 0-1

[Event "Titled Tuesday intern op 30th Jul Late"]
[Site "Chess.com INT"]
[Date "2024.07.30"]
[Round "4"]
[White "Holt, Conrad"]
[Black "Kokoszczynski, Jan"]
[Result "1-0"]
[WhiteElo "2540"]
[BlackElo "2314"]
[PlyCount "79"]
[EventDate "2024.07.30"]
[EventType "swiss (blitz)"]
[EventRounds "11"]
[EventCountry "USA"]
[SourceTitle "EXT 2025"]
[Source "ChessBase"]
[SourceDate "2024.10.14"]
[SourceVersion "1"]
[SourceVersionDate "2024.10.14"]
[SourceQuality "1"]

1. d4 Nf6 2. c4 g6 3. Nc3 Bg7 4. e4 0-0 5. Nf3 d6 6. h3 c5 7. d5 e6 8. Bd3 exd5 9. cxd5 a6 10. a4 Re8 11. 0-0 Nbd7 12. Re1 Nh5 13. Be2 Ne5 14. Nxe5 Bxe5 15. Bxh5 gxh5 16. Qxh5 Qf6 17. Bg5 Qg6 18. Qh4 Kh8 19. Re3 Rg8 20. Rg3 f6 21. Bf4 Qf7 22. Rxg8+ Kxg8 23. Bxe5 fxe5 24. Rf1 Bd7 25. f4 Rf8 26. Qh6 exf4 27. Qxd6 Qg7 28. Rxf4 Re8 29. Qxc5 Bxh3 30. Qf2 Bd7 31. a5 Re5 32. Qd4 h5 33. Nd1 h4 34. Nf2 h3 35. g4 Qg5 36. Nxh3 Qg7 37. Nf2 Qg5 38. Rf3 Re7 39. Qf6 Qc1+ 40. Kg2 1-0

[Event "Titled Tuesday intern op 30th Jul Late"]
[Site "Chess.com INT"]
[Date "2024.07.30"]
[Round "3"]
[White "Vaglio Mattey, Emanuel"]
[Black "Holt, Conrad"]
[Result "0-1"]
[WhiteElo "2155"]
[BlackElo "2540"]
[PlyCount "78"]
[EventDate "2024.07.30"]
[EventType "swiss (blitz)"]
[EventRounds "11"]
[EventCountry "USA"]
[SourceTitle "EXT 2025"]
[Source "ChessBase"]
[SourceDate "2024.10.14"]
[SourceVersion "1"]
[SourceVersionDate "2024.10.14"]
[SourceQuality "1"]

1. d4 d5 2. c4 c6 3. Nc3 dxc4 4. a4 e5 5. e3 exd4 6. exd4 Be6 7. Nf3 Nf6 8. Ne5 Nbd7 9. Nxc4 Nb6 10. Nxb6 axb6 11. Bg5 Ra5 12. Bh4 Bb4 13. Be2 Rd5 14. 0-0 Rxd4 15. Bxf6 Qxf6 16. Qc2 Bf5 17. Qb3 Be6 18. Qc2 0-0 19. Rad1 Bf5 20. Qb3 Be6 21. Qc2 Rfd8 22. Bf3 h6 23. Ne4 Qe5 24. Nc3 Bf5 25. Qb3 Be6 26. Qc2 Bc5 27. Rfe1 Rxd1 28. Rxd1 Rd4 29. Qc1 Rh4 30. g3 Bxf2+ 31. Kxf2 Rxh2+ 32. Bg2 Qc5+ 33. Kf3 Qh5+ 34. Kf2 Bh3 35. Rg1 Qc5+ 36. Kf3 h5 37. Qe3 Bxg2+ 38. Rxg2 Qxe3+ 39. Kxe3 Rxg2 0-1